<?xml version="1.0" encoding="UTF-8"?>
<record
    xmlns:xsi="http://www.w3.org/2001/XMLSchema-instance"
    xsi:schemaLocation="http://www.loc.gov/MARC21/slim http://www.loc.gov/standards/marcxml/schema/MARC21slim.xsd"
    xmlns="http://www.loc.gov/MARC21/slim">

  <leader>01261nab a22002417a 4500</leader>
  <datafield tag="999" ind1=" " ind2=" ">
    <subfield code="c">5784</subfield>
    <subfield code="d">5784</subfield>
  </datafield>
  <controlfield tag="003">OSt</controlfield>
  <controlfield tag="005">20260106180224.0</controlfield>
  <controlfield tag="008">190514b        xxu||||| |||| 00| 0 spa d</controlfield>
  <datafield tag="040" ind1=" " ind2=" ">
    <subfield code="c">PJ</subfield>
  </datafield>
  <datafield tag="100" ind1=" " ind2=" ">
    <subfield code="9">6692</subfield>
    <subfield code="a">Giraudo Esquivo, Nicol&#xE1;s</subfield>
  </datafield>
  <datafield tag="245" ind1="1" ind2="0">
    <subfield code="a">Efectos patrimoniales en el matrimonio y las uniones convivenciales :</subfield>
    <subfield code="b">Recompensas. Funcionamiento. C&#xE1;lculo. Perspectiva de g&#xE9;nero /</subfield>
    <subfield code="c">Nicol&#xE1;s Giraudo Esquivo.</subfield>
  </datafield>
  <datafield tag="300" ind1=" " ind2=" ">
    <subfield code="a">p. 107-123</subfield>
  </datafield>
  <datafield tag="505" ind1=" " ind2=" ">
    <subfield code="a">Sumario: I. Introducci&#xF3;n.&#x2014; II. Efectos patrimoniales en el matrimonio y las uniones convivenciales.&#x2014; III. Reg&#xED;menes patrimoniales del matrimonio y las recompensas.&#x2014; IV. La actualizaci&#xF3;n de las recompensas y el flagelo de la inflaci&#xF3;n.&#x2014; V. Perspectiva de g&#xE9;nero y recompensas.&#x2014; VI. Conclusiones.</subfield>
  </datafield>
  <datafield tag="505" ind1=" " ind2=" ">
    <subfield code="t">Si te interesa el texto, comunicate a koha@justierradelfuego.gov.ar</subfield>
  </datafield>
  <datafield tag="650" ind1=" " ind2="0">
    <subfield code="9">967</subfield>
    <subfield code="a">DERECHO DE FAMILIA</subfield>
  </datafield>
  <datafield tag="650" ind1=" " ind2="0">
    <subfield code="a">CODIGO CIVIL Y COMERCIAL</subfield>
    <subfield code="9">1497</subfield>
  </datafield>
  <datafield tag="650" ind1=" " ind2="0">
    <subfield code="a">UNIONES CONVIVENCIALES</subfield>
    <subfield code="9">1053</subfield>
  </datafield>
  <datafield tag="650" ind1=" " ind2="0">
    <subfield code="a">REGIMEN PATRIMONIAL DEL MATRIMONIO</subfield>
    <subfield code="9">723</subfield>
  </datafield>
  <datafield tag="650" ind1=" " ind2="0">
    <subfield code="a">R&#xC9;GIMEN DE COMUNIDAD DE BIENES</subfield>
    <subfield code="9">5328</subfield>
  </datafield>
  <datafield tag="650" ind1=" " ind2="0">
    <subfield code="a">PERSPECTIVA DE G&#xC9;NERO</subfield>
    <subfield code="9">4044</subfield>
  </datafield>
  <datafield tag="773" ind1="0" ind2=" ">
    <subfield code="0">2844</subfield>
    <subfield code="9">3222</subfield>
    <subfield code="d">Buenos Aires : AbeledoPerrot, 1989-</subfield>
    <subfield code="t">Derecho de familia. N&#xB0; 115 - Julio 2024</subfield>
    <subfield code="z">18511201</subfield>
  </datafield>
  <datafield tag="942" ind1=" " ind2=" ">
    <subfield code="2">udc</subfield>
    <subfield code="c">ANA</subfield>
  </datafield>
</record>
